000 00487nam a2200169Ia 4500
008 090711s9999 xx 000 0 und d
082 _b29266
100 _aवाळिंबे वि. स.
245 _aश्रीशिवराय
260 _c1974
300 _a87
600 _aवाळिंबे वि. स.
630 _aश्रीशिवराय
700 _aवाळिंबे वि. स.
730 _aश्रीशिवराय
942 _cBOOK
999 _c318465
_d318465